| 000 | 00696cab a2200217 4500 | ||
|---|---|---|---|
| 001 | WB3423-33 | ||
| 008 | 090401t1988 xxu||||| |||| 00| 0 eng d | ||
| 035 | _a(Sirsi) u86890 | ||
| 041 | _aeng | ||
| 245 | _aGovernment`s role | ||
| 260 | _c1988 | ||
| 350 | _a0 | ||
| 490 |
_aDETR News Release _v488/ENV 16 June 1988, (3) |
||
| 520 | _aIn a speech to the annual Chartered Institute of Housing conference, the Housing Minister outlines the government role in the modern housing market. | ||
| 650 | _aGOVERNMENT POLICY | ||
| 650 | _aHOUSING MARKET | ||
| 650 | _aSOCIAL HOUSING | ||
| 690 | _aPROPERTY-RESIDENTIAL PROPERTY-RESIDENTIAL PROPERTY MARKET | ||
| 942 | _n0 | ||
| 948 | _c18/06/1998 | ||
| 999 |
_c54714 _d54714 |
||